00336nam a2200133Ia 4500003000400000005001700004008004100021040001800062041000800080100004800088110001800136245002800154260002000182OSt20230526152450.0211028s2016 xx 000 0 und d cAIMIT LIBRARY aeng aHegde, Asha Ishwar; Suaris, Roshan.e141903 aRoshan Suaris aDoctor- patient portal. aMangalorec2016